00415 2200157 4500001002100000008004100021035002000062245003800082100001700120260005400137020002200191084001400213082000800227650001000235990001200245INLIS000000000003345 ind  a0010-0226000011 aNoragami 5 ( komik )cAda Chitoka aChitoka, Ada aJakartabPT. Elex Media Komputindo Gramediac2015 a978-602-02-6813-2 a741 CHI n a741 aKomik a0754521